Migrant domestic workers: good workers, poor slaves, new connections/
Uloženo v:
| Hlavní autor: | |
|---|---|
| Médium: | Kniha |
| Jazyk: | English |
| Tagy: |
Přidat tag
Žádné tagy, Buďte první, kdo vytvoří štítek k tomuto záznamu!
|
MARC
| LEADER | 00000nam a22000007a 4500 | ||
|---|---|---|---|
| 003 | cru CIDCACS/IIS | ||
| 005 | 20180119153808.0 | ||
| 007 | ta | ||
| 008 | 180118s2015 -uk|||p|r||||||0| ||eng | | ||
| 999 | |c 40840 |d 40840 | ||
| 040 | |c cru CIDCACS/IIS | ||
| 100 | 1 | |9 6413 |a Anderson, Bridget | |
| 245 | 1 | |a Migrant domestic workers: |b good workers, poor slaves, new connections/ |c Bridget Anderson | |
| 300 | |a páginas 636-652 | ||
| 773 | 0 | |0 40836 |9 1744 |d Reino Unido : Oxford University Press |o 18367 |t Social Politics: |x 10724745 | |
| 942 | |2 ddc |c PP | ||
